Catálogo
 En Linea

Historia política de la España contemporanea 1885-1897 / (Registro nro. 12544)

Detalles MARC
000 -CABECERA
campo de control de longitud fija 00691nam a2200205 a 4500
001 - NÚMERO DE CONTROL
campo de control 000012896
005 - FECHA Y HORA DE LA ÚLTIMA TRANSACCIÓN
campo de control 20200929163109.0
008 - DATOS DE LONGITUD FIJA--INFORMACIÓN GENERAL
campo de control de longitud fija 091118s1968 dr 001 0 spa d
040 ## - FUENTE DE LA CATALOGACIÓN
Centro catalogador/agencia de origen DO-SdBNP
Lengua de catalogación spa
Centro/agencia transcriptor BNPHU
082 ## - NÚMERO DE LA CLASIFICACIÓN DECIMAL DEWEY
Número de clasificación 320.946
Número de documento/Ítem F363h
049 ## - FONDOS LOCALES (OCLC)
Fondos de biblioteca BNPD
100 1# - ENTRADA PRINCIPAL--NOMBRE DE PERSONA
Nombre de persona Fernández Almagro, Mechor
9 (RLIN) 29777
245 10 - MENCIÓN DE TÍTULO
Título Historia política de la España contemporanea 1885-1897 /
Mención de responsabilidad, etc. Mechor Fernández Almagro.
260 ## - PUBLICACIÓN, DISTRIBUCIÓN, ETC.
Lugar de publicación, distribución, etc. Madrid :
Nombre del editor, distribuidor, etc. Alianza,
Fecha de publicación, distribución, etc. 1968.
300 ## - DESCRIPCIÓN FÍSICA
Extensión 455 p. ;
Dimensiones 19 cm.
490 1# - MENCIÓN DE SERIE
Mención de serie El libro del bolsillo
Designación de volumen o secuencia no. 2
651 #4 - PUNTO DE ACCESO ADICIONAL DE MATERIA--NOMBRE GEOGRÁFICO
Nombre geográfico España
Subdivisión general Política Y Gobierno
Subdivisión cronológica 1868-1897.
9 (RLIN) 29778
651 #4 - PUNTO DE ACCESO ADICIONAL DE MATERIA--NOMBRE GEOGRÁFICO
Nombre geográfico España
Subdivisión general Historia
Subdivisión cronológica 1868-1897.
9 (RLIN) 29779
830 #0 - PUNTO DE ACCESO ADICIONAL DE SERIE-TÍTULO UNIFORME
Título uniforme El libro del bolsillo
Designación de volumen o secuencia no. 2
9 (RLIN) 29780
Existencias
Estado de retiro Estado de pérdida No para préstamo Código de colección Localización permanente Ubicación/localización actual Ubicación en estantería Fecha de adquisición Número de inventario Total de préstamos Signatura topográfica completa Código de barras Fecha visto por última vez Precio válido a partir de Tipo de ítem Koha
    Excluido de préstamo Patrimonio Dominicano General General En catalogación 18.11.2009 LF1   320.946 F363h 12896-10 25.06.2020 25.06.2020 Libro y Folleto Colección Patrimonio Dominicano

Con tecnología Koha